Vista normal
Vista MARC
Entrada Personal Name
Número de registros utilizados en: 1
001 - CONTROL NUMBER
- control field: 6550
003 - CONTROL NUMBER IDENTIFIER
- control field: OSt
005 - DATE AND TIME OF LATEST TRANSACTION
- control field: 20180716124803.0
008 - FIXED-LENGTH DATA ELEMENTS
- fixed length control field: 041022n| acannaabn |a aaa
010 ## - LIBRARY OF CONGRESS CONTROL NUMBER
- LC control number: n 2004088780
040 ## - CATALOGING SOURCE
- Original cataloging agency: DLC
- Language of cataloging: eng
- Description conventions: rda
- Transcribing agency: DLC
- Modifying agency: DLC
- Modifying agency: Mx-PuUPA
100 1# - HEADING--PERSONAL NAME
- Personal name: Victoria Romero, Blanca Verónica,
375 ## - GENDER
- Gender: mujer
377 ## - ASSOCIATED LANGUAGE
- Language code: spa
- Source of code: MARC Code List for Lenguajes
400 1# - SEE FROM TRACING--PERSONAL NAME
- Personal name: Romero, Blanca Verónica Victoria
670 ## - SOURCE DATA FOUND
- Source citation: Biblioteca del Congreso (Estados Unidos), 08 febrero 2018:
- Information found: catálogo electrónico
- Uniform Resource Identifier: https://goo.gl/NGxioW
670 ## - SOURCE DATA FOUND
- Source citation: Victoria Romero, Blanca Verónica. Sexualidad, amor y envejecimiento, 2004:
- Information found: t.p. (Blanca Verónica Victoria Romero) flap (medical doctor & psychologist)
953 ## -
- : sb05